In a painting / (Record no. 115391)
[ view plain ]
| 000 -LEADER | |
|---|---|
| fixed length control field | 00791nam a2200217 a 4500 |
| 001 - CONTROL NUMBER | |
| control field | 0688 |
| 005 - DATE AND TIME OF LATEST TRANSACTION | |
| control field | 20140414132144.0 |
| 008 - FIXED-LENGTH DATA ELEMENTS--GENERAL INFORMATION | |
| fixed length control field | 040927s19uu xx 00 eng d |
| 020 ## - INTERNATIONAL STANDARD BOOK NUMBER | |
| International Standard Book Number | 0-978-0-439-04593-2 |
| 050 ## - LIBRARY OF CONGRESS CALL NUMBER | |
| Classification number | KIT (LCER) 750.1 |
| Item number | C16 1999 |
| 100 ## - MAIN ENTRY--PERSONAL NAME | |
| Personal name | Canizares, Susan |
| 245 ## - TITLE STATEMENT | |
| Title | In a painting / |
| Statement of responsibility, etc | Susan Canizares, Daniel Moreton. |
| 260 ## - PUBLICATION, DISTRIBUTION, ETC. (IMPRINT) | |
| Place of publication, distribution, etc | New York : |
| Name of publisher, distributor, etc | Scholastic, |
| Date of publication, distribution, etc | 1999. |
| 300 ## - PHYSICAL DESCRIPTION | |
| Extent | 1 v. (unp.) : ill. ; cm. |
| 440 ## - SERIES STATEMENT/ADDED ENTRY--TITLE | |
| Title | Learning center emergent readers |
| 520 ## - SUMMARY, ETC. | |
| Summary, etc | Paintings by such an artists as Matisse, Edward Hopper, and Gregoria O'Keeffe introduce the variety of subjects, colors, and styles that can be found in art. |
| 650 ## - SUBJECT ADDED ENTRY--TOPICAL TERM | |
| Topical term or geographic name as entry element | Painting--Themes, motives |
| General subdivision | Juvenile literature. |
| 650 ## - SUBJECT ADDED ENTRY--TOPICAL TERM | |
| Topical term or geographic name as entry element | Art appreciation. |
| Withdrawn status | Lost status | Damaged status | Use restrictions | Home library | Current library | Shelving location | Date acquired | Source of acquisition | Total Checkouts | Full call number | Barcode | Date last seen | Price effective from | Koha item type |
|---|---|---|---|---|---|---|---|---|---|---|---|---|---|---|
| Munich Library | Munich Library | KIT Section | 09/27/2004 | KIT (LCER) 750.1 C16 1999 | MU1920 | 04/14/2014 | 04/14/2014 | Kits | ||||||
| Munich Library | Munich Library | KIT Section | 09/27/2004 | KIT (LCER) 750.1 C16 1999 | MU1919 | 04/14/2014 | 04/14/2014 | Kits |